000
00308nam a22001457a 4500
003
SGT
020
_a
8171180787
082
_a
342.0954
_b
SEE
100
_a
SEERVAI H M
245
_a
CONSTITUTIONAL LAW OF INDIA
250
_a
4
260
_a
BOMBAY
_b
N M TRIPATHI
_c
1996
300
_a
3251
942
_2
ddc
_c
BK
999
_c
27620
_d
27620